00583nam a22001577a 4500003000400000082001800004100001800022245015900040260004400199300000700243650001900250653001900269942001200288952010800300999001700408SGT a617.632bC23G aGoyal, Madhur aComparative evaluation of stability and Bone Mineral Density at Bone Implant interface with and without 1% Metformin Gel-A Clinical and Radiographic study aGurugram, HaryanabSGT Universityc2023 a80 aPeriodontology aPeriodontology 2ddccTH 00102ddc405171aFDbFDd2023-01-25iSGTUo617.632 C23GpDT1475r2023-01-25 00:00:00w2023-01-25yTH c23723d23723